Worldwide Ranking of Countries by English Skills - Statistics

General Stats
  • This quiz has been taken 80 times
  • The average score is 12 of 15
Answer Stats
rank Nation score % Correct
4 Norway 68,54
97%
3 Sweden 70,81
97%
5 Finland 66,61
96%
9 Germany 61,58
95%
1 Netherlands 72,16
92%
2 Denmark 71,15
89%
11 Belgium 60,90
88%
14 Switzerland 60,17
87%
8 Austria 62,13
84%
7 Luxembourg 63,20
76%
10 Poland 61,49
75%
15 Portugal 59,68
64%
6 Singapore 63,52
61%
13 Philippines 60,33
40%
12 Malaysia 60,70
31%
No matching quizzes found
Score Distribution
Percent of People with Each Score
Percentile by Number Answered
Your Score History
You have not taken this quiz